000 01757cam a2200133 4500500
005 20251214005217.0
041 _afre
042 _adc
100 1 0 _aFleury, Laurent
_eauthor
245 0 0 _aMax Weber : La responsabilité devant l'histoire
260 _bArmand Colin,
_c2017.
520 _aResponsabilité de l’homme devant les défis de son temps, responsabilité du savant devant la science, responsabilité du politique devant l’histoire : qui entreprend de lire Weber saisit la centralité de la responsabilité, mieux, la découvre comme une tonalité propre à son œuvre. Inversement, qui entend s’intéresser à la responsabilité rencontre Weber, mais aussi la charge d’inquiétude de sa pensée, et discerne l’intellectuel qui allie responsabilité et conviction. Weber s’engage dans les batailles scientifiques et politiques de son siècle, sans pour autant renoncer aux principes qui le guident : probité, rigueur, refus du prophétisme. Contre le discours des démagogues et le « sacrifice de l’intellect », il nous invite à regarder en face la réalité et à adopter une démarche scientifique pour penser l’action. Son œuvre offre un modèle d’exigence critique et nous lègue cette interrogation première et ultime : quelles sciences sociales peuvent rendre possible l’avènement d’un homme responsable ? Ce livre propose des clés pour comprendre Weber, penseur des ambivalences de la modernité, penseur par excellence des sciences sociales, mais également fondateur de la pensée politique moderne. En tous points frappe l’actualité de ses enseignements pour nos sociétés contemporaines.
856 4 1 _uhttps://shs.cairn.info/max-weber--9782200352332?lang=fr&redirect-ssocas=7080
999 _c1568719
_d1568719